| 000 | 00367cam a2200133u 4500 | ||
|---|---|---|---|
| 082 |
_a940.27 _bKIN |
||
| 100 | 1 |
_aKinglake, Alexander William, _950639 |
|
| 245 | 1 | 4 | _aThe invasion of the Crimea. |
| 260 |
_aLondon _c18- _bWilliam blackwood and sons |
||
| 300 |
_axx, 533 p; _ccm. |
||
| 526 |
_a0 _b0 _c0 _d940_270000000000000_KIN |
||
| 650 |
_aMCE _9379 |
||
| 942 |
_2ddc _cBK |
||
| 999 |
_c553391 _d553391 |
||